Sotto il monte : Venere e Tannhäuser /

Enregistré dans:
Détails bibliographiques
Auteur principal: Beardsley, Aubrey (Auteur)
Format: Livre
Langue:italien
Publié: Roma : Lucarini, ©1991
Collection:Il margine ; 7
Tags: Ajouter un tag
Pas de tags, Soyez le premier à ajouter un tag!

MARC

LEADER 00000nam a22000007i 4500
001 IT\ICCU\BVE\0031324
003 ItRI
005 20260115231918.0
008 921128s1991 it |||||| ||||| |||||c
020 |a 8870335062 
040 |b ita  |c importazione bologna sebina 
041 7 |a ita  |2 ISO-639-2 
082 |a 823.8  |9 NARRATIVA INGLESE. 1837-1900  |2 12 
100 1 |a Beardsley, Aubrey  |0 IT\ICCU\SBLV\121486  |4 aut 
240 1 0 |a Under the hill.  |3 IT\ICCU\BVE\0031330  |9 Beardsley, Aubrey 
245 1 0 |a Sotto il monte :  |b Venere e Tannhäuser /  |c Aubrey Beardsley. 
260 |a Roma :  |b Lucarini,  |c ©1991 
300 |a XIV, 91 p. :  |b ill. ;  |c 17 cm 
500 |a Traduzione di Loredana Meglio. 
790 1 |a Beardsley, Aubrey  |3 IT\ICCU\CFIV\169677  |z Beardsley, Aubrey 
830 3 |a Il margine ;  |v 7  |0 IT\ICCU\BVE\0031328 
942 |2 ddc  |c BK  |n 0 
952 |0 0  |1 0  |4 0  |6 DOC_823_000000000000000_BEA  |7 0  |9 16242  |a BO  |b BO  |d 2026-01-15  |i 4745  |l 0  |o DOC 823 BEA  |p BO4745  |r 2026-01-15 23:19:18  |w 2026-01-15  |x [Sebina 5] [1 v.]  |y BK  |z 1 v. 
952 |0 0  |1 0  |4 0  |6 DOC_823_000000000000000_BEA  |7 0  |9 16243  |a BO  |b BO  |d 2026-01-15  |i 5209  |l 0  |o DOC 823 BEA  |p BO5209  |r 2026-01-15 23:19:18  |w 2026-01-15  |x [Sebina 5] [1 v.]  |y BK  |z 1 v. 
999 |c 13940  |d 13940